000 00385nam a2200157Ia 4500
999 _c2756
_d2756
003 OSt
005 20250604105901.0
008 190902s9999||||xx |||||||||||||| ||und||
020 _a978-0273713630
040 _cmaju
100 _aEugene F. Brigham
245 0 _aFinancial Management Theory and Practice
260 _aIndia
_bThe McGraw-Hill
_c2006
300 _a712
942 _cBK
_2ddc